Süper Lig Champions - Statistics

General Stats
  • This quiz has been taken 2,827 times
  • The average score is 5 of 5
Answer Stats
Titles Last Team % Correct
22 2019 Galatasaray
100%
15 2017 Beşiktaş
98%
19 2014 Fenerbahçe
97%
6 1984 Trabzonspor
90%
1 2010 Bursaspor
82%
No matching quizzes found
Score Distribution
Percent of People with Each Score
Percentile by Number Answered
Your Score History
You have not taken this quiz